| 000 | 00461nam a2200109Ia 4500 | ||
|---|---|---|---|
| 008 | 160909s9999 xx 000 0 und d | ||
| 100 | _aSubramanian, Premi | ||
| 245 | 2 | _aA reflective supervision program to address occupational burnout and secondary trauma in child welfare workers in santa barbara county: A grant proposal | |
| 260 |
_bCalifornia State University _c2016 |
||
| 650 | _aNursing | ||
| 856 | _uhttp://pqdtopen.proquest.com/doc/1783572943.html?FMT=ABS | ||
| 999 |
_c303934 _d303934 |
||